|
|
|
|
| LEADER |
00637cam a2200193 a 4500 |
| 001 |
0000068471 |
| 005 |
20030827090000.0 |
| 040 |
|
|
|a mod
|
| 041 |
|
|
|a eng
|
| 020 |
0 |
0 |
|a 0891416455
|
| 090 |
0 |
0 |
|a 940.54217092
|b TEM
|e 1998
|
| 100 |
1 |
0 |
|a Temkin
|h Gabriel.
|
| 245 |
1 |
0 |
|a My just war
|b the memoir of a Jewish Red Army soldier in World War II
|c Gabriel Temkin.
|
| 260 |
0 |
0 |
|a Novato, CA
|b Presidio Press
|c 1998
|
| 300 |
0 |
0 |
|a xi, 236 p.
|b ill.
|c 22 cm.
|
| 600 |
0 |
0 |
|a Temkin
|h Gabriel.
|
| 650 |
0 |
0 |
|a World war, 1939-1945
|x Participation, Jewish
|
| 650 |
0 |
0 |
|a Jewish soldiers
|z Soviet Union
|x Biography.
|
| 999 |
|
|
|a 0218725
|b IPDA
|d BOOKS
|e Umum
|f IPDA
|j AVAILABLE
|q GOOD CONDITION
|